[Event "Tournoi Skype 014A"]
[Site "Skype"]
[Date "????.??.??"]
[Round "3.15"]
[White "Dal, Ibrahim"]
[Black "Antonic, Nenad"]
[Result "1-0"]
[WhiteElo "1722"]
[BlackElo "1530"]
[PlyCount "55"]

1. d4 d5 2. Nf3 c6 3. c4 Nf6 4. Nc3 Bf5 5. e3 e6 6. Qb3 b6 7. Be2 Be7 8. Ne5
Nbd7 9. Nxc6 Qc8 10. Nxe7 Kxe7 11. cxd5 exd5 12. Nxd5+ Nxd5 13. Qxd5 Be6 14.
Qb5 a6 15. Qb4+ Ke8 16. Bf3 Ra7 17. O-O Rc7 18. b3 f5 19. Ba3 Qd8 20. Rfc1 Nf8
21. Rxc7 Qxc7 22. Rc1 Qd8 23. Rc6 Bd7 24. Rxb6 a5 25. Qd6 Kf7 26. Bd5+ Ne6 27.
Bxe6+ Bxe6 28. Qxe6# 1-0

[Event "Tournoi Skype 014A"]
[Site "Skype"]
[Date "????.??.??"]
[Round "3.16"]
[White "Fouquereau, Andre"]
[Black "Baue, Michel"]
[Result "1-0"]
[WhiteElo "1511"]
[BlackElo "1713"]
[PlyCount "71"]

1. e4 c5 2. c3 Nf6 3. Nf3 d6 4. Be2 Nc6 5. Qc2 g6 6. O-O Bg7 7. d3 O-O 8. Bg5
h6 9. Bf4 e5 10. Bd2 a6 11. a4 Be6 12. Na3 Rc8 13. Qc1 Kh7 14. Nc2 Na5 15. Ra3
Nb3 16. Qd1 Qb6 17. Ne3 Nxd2 18. Qxd2 Kg8 19. a5 Qc6 20. c4 Nh5 21. Nd5 Bxd5
22. exd5 Qd7 23. h3 Nf4 24. Nh2 Nxe2+ 25. Qxe2 f5 26. Rb1 Rce8 27. b4 cxb4 28.
Rxb4 e4 29. Rb6 Bd4 30. Rb1 exd3 31. Qxd3 Bc5 32. Ra2 Re7 33. Nf3 Kh7 34. Qc3
Rfe8 35. Rab2 Re2 36. Rxb7 1-0

[Event "Tournoi Skype 014A"]
[Site "Skype"]
[Date "????.??.??"]
[Round "3.17"]
[White "Yildirim, Cagri"]
[Black "Legueltel, Daniel"]
[Result "0-1"]
[WhiteElo "1462"]
[BlackElo "1692"]
[PlyCount "44"]

1. e4 e5 2. Nf3 Nc6 3. Bb5 d6 4. d4 exd4 5. Nxd4 Bd7 6. Bc4 Nf6 7. Nc3 Be7 8.
Be3 Nxd4 9. Qxd4 Bc6 10. O-O-O O-O 11. Bf4 Nd7 12. Qe3 Nb6 13. Bd3 Qc8 14. g4
Qe6 15. h4 Bf6 16. Kb1 Bxc3 17. bxc3 Na4 18. Qd2 Qf6 19. e5 dxe5 20. Bg5 Qe6
21. Rhe1 Bf3 22. Rc1 Qb6+ 0-1

[Event "Tournoi Skype 014A"]
[Site "Skype"]
[Date "????.??.??"]
[Round "3.18"]
[White "Murolo, Antonio"]
[Black "Engstrom, Olle"]
[Result "1-0"]
[WhiteElo "1454"]
[BlackElo "1680"]
[PlyCount "97"]

1. d4 Nf6 2. c4 c5 3. d5 e6 4. dxe6 fxe6 5. Bg5 Be7 6. Nc3 O-O 7. Nf3 Nc6 8. e3
a6 9. a3 d6 10. Bd3 Rb8 11. O-O Bd7 12. Qc2 h6 13. Bxf6 Bxf6 14. Ne4 Be8 15.
Rad1 Kh8 16. Nxf6 Qxf6 17. Be4 Rd8 18. Qe2 Qf7 19. Nh4 Qh5 20. Qxh5 Bxh5 21. f3
g5 22. Bg6 gxh4 23. Bxh5 b5 24. cxb5 axb5 25. Bg4 e5 26. Be6 Rf6 27. Bd5 Ne7
28. Be4 d5 29. Bc2 Rfd6 30. b3 c4 31. bxc4 dxc4 32. Rxd6 Rxd6 33. Rd1 Nf5 34.
Kf2 Rxd1 35. Bxd1 Kg7 36. Ke2 Kf6 37. Kd2 Ke6 38. Bc2 Nd6 39. Kc3 Kd5 40. Kb4
Kc6 41. a4 bxa4 42. Bxa4+ Kb6 43. Bd7 Kc7 44. Be6 Kc6 45. Bxc4 Nxc4 46. Kxc4
Kd6 47. Kd3 Kd5 48. e4+ Kc5 49. Ke3 1-0

[Event "Tournoi Skype 014A"]
[Site "Skype"]
[Date "????.??.??"]
[Round "3.19"]
[White "Duthoit, Bernard"]
[Black "Rescober, Joel Plata"]
[Result "0-1"]
[WhiteElo "1487"]
[BlackElo "1699"]
[PlyCount "86"]

1. e4 e6 2. d4 d5 3. e5 c5 4. c3 cxd4 5. cxd4 Nd7 6. Nf3 Ne7 7. Bb5 Nc6 8. Nc3
Be7 9. Be3 O-O 10. O-O h6 11. Rc1 a6 12. Bxc6 bxc6 13. Na4 Bb7 14. a3 a5 15.
Rc2 Rc8 16. Qa1 Re8 17. Rfc1 Nb8 18. Nc5 Bxc5 19. Rxc5 Re7 20. b4 axb4 21. axb4
Rec7 22. Nd2 Na6 23. R5c2 Ra8 24. Qb2 Qd7 25. b5 cxb5 26. Rxc7 Nxc7 27. Nb3 Na6
28. Nc5 Nxc5 29. Rxc5 b4 30. g3 Qa4 31. Bd2 Qd1+ 32. Kg2 Ra1 33. Rc1 Rxc1 34.
Bxc1 b3 35. Bd2 Ba6 36. Bc3 Bc4 37. h4 Qf1+ 38. Kh2 Qd1 39. Kg2 Be2 40. Qa1
Bf3+ 41. Kh2 Qe2 42. Qb2 Qf1 43. Qa1 Qg2# 0-1

[Event "Tournoi Skype 014A"]
[Site "Skype"]
[Date "????.??.??"]
[Round "3.20"]
[White "Trivedi, Viral"]
[Black "Yardimci, Ertan"]
[Result "0-1"]
[WhiteElo "1536"]
[BlackElo "1455"]
[PlyCount "48"]

1. e4 e6 2. d4 d5 3. exd5 exd5 4. Qe2+ Be7 5. Nf3 Nf6 6. Bg5 O-O 7. Ne5 h6 8.
Be3 Nbd7 9. Ng4 Nxg4 10. Qxg4 Nf6 11. Qg3 Bd6 12. Bf4 Bxf4 13. Qxf4 Qe7+ 14.
Qe5 Re8 15. Qxe7 Rxe7+ 16. Be2 Bg4 17. f3 Bf5 18. c3 Bd3 19. O-O Rxe2 20. Na3
Rxb2 21. Rfe1 Re8 22. Rxe8+ Nxe8 23. Re1 Kf8 24. Nb1 Bxb1 0-1

[Event "Tournoi Skype 014A"]
[Site "Skype"]
[Date "????.??.??"]
[Round "3.21"]
[White "Loyarte, Frederic"]
[Black "Leost, Joel"]
[Result "1/2-1/2"]
[WhiteElo "1544"]
[BlackElo "1442"]
[PlyCount "56"]

1. d4 f5 2. c4 Nf6 3. Nc3 e6 4. Nf3 Be7 5. Bf4 Nc6 6. e3 b6 7. Be2 Bb7 8. O-O
O-O 9. d5 Nb4 10. dxe6 dxe6 11. Qxd8 Rfxd8 12. Bxc7 Rd7 13. Nb5 a6 14. Ne5 Rd2
15. Bf3 Bxf3 16. Nxf3 Rd7 17. Ne5 axb5 18. Nxd7 Nxd7 19. a3 Na6 20. Rfd1 Nf6
21. Bxb6 bxc4 22. Rac1 Rb8 23. Bd4 Nc7 24. Rxc4 Ncd5 25. f3 Rb3 26. e4 Ne3 27.
Bxe3 Rxe3 28. Kf2 Rb3 1/2-1/2

[Event "Tournoi Skype 014A"]
[Site "Skype"]
[Date "????.??.??"]
[Round "3.24"]
[White "Malbec, Robert"]
[Black "Meaney, Mike"]
[Result "1-0"]
[WhiteElo "1529"]
[BlackElo "1497"]
[PlyCount "83"]

1. e4 e6 2. d4 d5 3. Nc3 dxe4 4. Nxe4 Nd7 5. Nf3 Ngf6 6. Bg5 Be7 7. Bd3 Nxe4 8.
Bxe7 Qxe7 9. Bxe4 Nf6 10. Bd3 Qb4+ 11. Kf1 Qxb2 12. g3 Qa3 13. Kg2 Bd7 14. Qe2
a6 15. Rhb1 Bc6 16. Kg1 Nd5 17. Rb3 Qa5 18. Qe5 O-O-O 19. c4 f6 20. Qxe6+ Bd7
21. Qxd5 Qxd5 22. cxd5 Bg4 23. Kg2 f5 24. h3 Bxf3+ 25. Kxf3 g6 26. Bc4 b5 27.
Bf1 Rxd5 28. Rd1 h5 29. Kf4 Rg8 30. h4 c5 31. Bg2 Rdd8 32. d5 c4 33. Re3 Kb7
34. Re6 c3 35. d6+ Kb6 36. Rc1 b4 37. Bf1 a5 38. d7+ Kc7 39. Bb5 Rg7 40. Ra6
Rgxd7 41. Bxd7 Rxd7 42. Ra7+ 1-0

[Event "Tournoi Skype 014A"]
[Site "Skype"]
[Date "????.??.??"]
[Round "3.25"]
[White "Grib, Johannes"]
[Black "Galani, Mahendra"]
[Result "1-0"]
[WhiteElo "1432"]
[BlackElo "1523"]
[PlyCount "105"]

1. d4 d5 2. Nf3 Nf6 3. c4 e6 4. a3 h6 5. Nc3 Nc6 6. b4 Bd7 7. b5 Na5 8. Ne5
Nxc4 9. Nxc4 dxc4 10. e4 c6 11. Bxc4 a6 12. O-O cxb5 13. Bd3 Bc6 14. e5 Nd7 15.
Qh5 Qe7 16. Bf4 g6 17. Qe2 Nb6 18. Ne4 O-O-O 19. Nd6+ Kb8 20. Be4 Nd5 21. Qc2
Qc7 22. Bxd5 exd5 23. Qc5 f6 24. a4 b6 25. Qa3 bxa4 26. Qb2 fxe5 27. dxe5 g5
28. Nf7 gxf4 29. Nxh8 Bg7 30. Nf7 Re8 31. Rfe1 Re7 32. Nd6 Bh8 33. Qd4 f3 34.
Rab1 b5 35. Qb4 Rg7 36. g3 h5 37. Nf5 Rg4 38. Qf8+ Kb7 39. Qxh8 Bd7 40. Nd6+
Kb6 41. Qxh5 Rg8 42. Qxf3 d4 43. Qd5 Rg4 44. e6 Bc6 45. Nc4+ Kb7 46. Nd6+ Kb6
47. Qe5 Qh7 48. Nc4+ Kb7 49. Qc5 Qc7 50. e7 Kc8 51. e8=Q+ Bxe8 52. Rxe8+ Kd7
53. Re7+ 1-0

[Event "Tournoi Skype 014A"]
[Site "Skype"]
[Date "????.??.??"]
[Round "4.1"]
[White "Donmez, Unal"]
[Black "Auger, Bertrand"]
[Result "0-1"]
[WhiteElo "1905"]
[BlackElo "2085"]
[PlyCount "84"]

1. e4 e6 2. d4 d5 3. Nc3 dxe4 4. Nxe4 Bd7 5. Nf3 Bc6 6. Bd3 Nd7 7. c3 Ngf6 8.
Nxf6+ Nxf6 9. Qe2 Bxf3 10. gxf3 c6 11. f4 Qd5 12. Rg1 O-O-O 13. Rg5 Qh1+ 14.
Kd2 h6 15. Ra5 Kb8 16. b4 Bd6 17. Rb1 Qxh2 18. b5 c5 19. dxc5 Bxc5 20. b6 Qxf2
21. bxa7+ Ka8 22. Kc2 Rd5 23. c4 Rh5 24. Qxf2 Bxf2 25. Rxh5 Nxh5 26. Be4 Kxa7
27. Rxb7+ Ka6 28. Rxf7 Nf6 29. Bb7+ Kb6 30. Rxg7 Ne8 31. Rd7 Bc5 32. Be4 Nd6
33. Bd3 Kc6 34. Rg7 h5 35. Kb3 h4 36. Rh7 Rxh7 37. Bxh7 h3 38. Bg8 Kd7 39. f5
Nxf5 40. Bf4 Bd6 41. Bh2 Bxh2 42. Bf7 Be5 0-1

[Event "Tournoi Skype 014A"]
[Site "Skype"]
[Date "????.??.??"]
[Round "4.2"]
[White "Sojka, Bernard"]
[Black "Karlsen, Christian"]
[Result "1/2-1/2"]
[WhiteElo "1830"]
[BlackElo "1917"]
[PlyCount "33"]

1. d4 Nf6 2. Nf3 e6 3. Bf4 d5 4. e3 Bd6 5. Ne5 O-O 6. Nd2 c5 7. c3 Nc6 8. Ndf3
cxd4 9. exd4 Qc7 10. Bd3 Ne4 11. Bg3 Nxg3 12. hxg3 h6 13. Qe2 f6 14. Ng6 Re8
15. O-O-O Rb8 16. Kb1 Bd7 17. Qd2 1/2-1/2

[Event "Tournoi Skype 014A"]
[Site "Skype"]
[Date "????.??.??"]
[Round "4.3"]
[White "Hilton, Stephen"]
[Black "Plourde, Alain"]
[Result "1-0"]
[WhiteElo "1903"]
[BlackElo "1850"]
[PlyCount "92"]

1. Nf3 d5 2. g3 Nf6 3. Bg2 c5 4. O-O Nc6 5. d4 e6 6. c4 cxd4 7. Nxd4 Nxd4 8.
Qxd4 Be7 9. Nc3 O-O 10. cxd5 Nxd5 11. Nxd5 exd5 12. Qxd5 Qxd5 13. Bxd5 Rd8 14.
Bg2 Bf6 15. Bf4 g5 16. Be3 Bg4 17. Bxb7 Rdb8 18. Bxa8 Rxa8 19. f3 Be6 20. a4
Bxb2 21. Rab1 Bf6 22. Rfc1 Bd8 23. Bxa7 Rxa7 24. Rb8 Rxa4 25. Rxd8+ Kg7 26. Rd2
h5 27. Kf2 Kg6 28. Rc5 Ra6 29. h4 gxh4 30. gxh4 Rb6 31. Rg5+ Kh6 32. Rd8 Kh7
33. Rxh5+ Kg7 34. e4 f6 35. Rdh8 Bg8 36. R8h6 Rb3 37. Kg3 Rb1 38. Kf4 Rb3 39.
Rh8 Ra3 40. Rxg8+ Kxg8 41. Rb5 Kg7 42. h5 Ra1 43. Kf5 Ra6 44. Rb7+ Kh6 45. Rf7
Ra5+ 46. Kxf6 Kxh5 1-0

[Event "Tournoi Skype 014A"]
[Site "Skype"]
[Date "????.??.??"]
[Round "4.4"]
[White "Jacquelin, Norbert"]
[Black "Ergin, Ahmet"]
[Result "1-0"]
[WhiteElo "1899"]
[BlackElo "1770"]
[PlyCount "79"]

1. e4 d5 2. exd5 Nf6 3. d4 Bg4 4. Be2 Bxe2 5. Qxe2 Qxd5 6. Nf3 Nc6 7. Nc3 Qd7
8. O-O O-O-O 9. Be3 e6 10. Ne5 Qe8 11. Nxc6 Qxc6 12. Nb5 Qa6 13. d5 Nxd5 14.
Nxa7+ Kd7 15. Qxa6 bxa6 16. c4 Nxe3 17. fxe3 Ke8 18. Nc6 Rd6 19. Ne5 f5 20.
Rfd1 g6 21. c5 Rxd1+ 22. Rxd1 Bxc5 23. Nc6 Kf7 24. Rd7+ Kf6 25. Rxc7 Re8 26.
Nd4 e5 27. Rxc5 exd4 28. exd4 Rd8 29. Rc6+ Kg5 30. Rxa6 Rxd4 31. Rb6 h5 32. a3
h4 33. h3 Rc4 34. Rb4 Rc1+ 35. Kf2 Kf6 36. a4 Ra1 37. b3 Ra2+ 38. Kf3 Ke5 39.
Rc4 Kd5 40. Rxh4 1-0

[Event "Tournoi Skype 014A"]
[Site "Skype"]
[Date "????.??.??"]
[Round "4.5"]
[White "Legueltel, Daniel"]
[Black "Segura Lozano, Marcos Antonio"]
[Result "1-0"]
[WhiteElo "1692"]
[BlackElo "1899"]
[PlyCount "51"]

1. d4 Nf6 2. c4 e6 3. Nc3 Bb4 4. Qc2 c5 5. dxc5 Qa5 6. Bd2 Qxc5 7. e3 O-O 8. a3
Bxc3 9. Bxc3 Qg5 10. Nf3 Qh6 11. Bd3 Nc6 12. O-O-O a6 13. h3 Ne8 14. g4 Nc7 15.
h4 f6 16. Rdg1 Kh8 17. h5 b5 18. g5 fxg5 19. Nxg5 e5 20. Nxh7 Re8 21. Bg6 Re6
22. Ng5 Rf6 23. Nf7+ Rxf7 24. Bxf7 Nd4 25. Bxd4 exd4 26. Rg6 1-0

[Event "Tournoi Skype 014A"]
[Site "Skype"]
[Date "????.??.??"]
[Round "4.6"]
[White "Deville, Olivier"]
[Black "Rico Hernandez, Edgar"]
[Result "0-1"]
[WhiteElo "1866"]
[BlackElo "1814"]
[PlyCount "98"]

1. c4 g6 2. d4 Bg7 3. Nf3 d6 4. Nc3 Nd7 5. e4 e5 6. Be2 exd4 7. Nxd4 Ngf6 8.
Bg5 h6 9. Bh4 g5 10. Bg3 Ne5 11. Nf5 Bxf5 12. exf5 O-O 13. f4 Nc6 14. fxg5 hxg5
15. h4 Nd7 16. Qd2 f6 17. O-O-O Nde5 18. Bh5 Bh6 19. hxg5 Bxg5 20. Bf4 Nd3+ 21.
Qxd3 Bxf4+ 22. Kb1 Ne5 23. Bg6 Nxd3 24. Rxd3 Qe7 25. Nd5 Qe4 26. Nxf4 Rae8 27.
a3 Qxf4 28. Rdh3 Qe4+ 29. Ka1 Qe1+ 30. Ka2 Qxh1 31. Rxh1 Re7 32. g4 c6 33. Rg1
Kg7 34. g5 fxg5 35. Rxg5 Kf6 36. Rg4 Rh8 37. b4 Rh3 38. Rg2 Ree3 39. Rd2 Rxa3+
40. Kb2 Rad3 41. Re2 Rhe3 42. Rxe3 Rxe3 43. Kc2 d5 44. cxd5 cxd5 45. Kb2 d4 46.
Kc2 b6 47. Kb2 Rc3 48. Bh7 Rc7 49. Bg6 d3 0-1

[Event "Tournoi Skype 014A"]
[Site "Skype"]
[Date "????.??.??"]
[Round "4.7"]
[White "Lambert, Pierre"]
[Black "Meyer, Eric"]
[Result "1-0"]
[WhiteElo "1850"]
[BlackElo "1740"]
[PlyCount "47"]

1. e4 Nf6 2. e5 Nd5 3. c4 Nb6 4. d4 d6 5. exd6 cxd6 6. Nc3 e6 7. Bd3 N8d7 8.
Nf3 Be7 9. O-O Nf6 10. Qc2 h6 11. Re1 Bd7 12. b3 Bc6 13. Ne4 Nbd7 14. d5 Nxe4
15. Bxe4 exd5 16. cxd5 Bb5 17. Nd4 Ba6 18. Nf5 Kf8 19. Bb2 Nf6 20. Nxe7 Qxe7
21. Rac1 Rd8 22. Bf5 Qxe1+ 23. Rxe1 Nxd5 24. Qe4 1-0

[Event "Tournoi Skype 014A"]
[Site "Skype"]
[Date "????.??.??"]
[Round "4.8"]
[White "Karia, Vijay"]
[Black "Yuvarlak, Ugur"]
[Result "0-1"]
[WhiteElo "1604"]
[BlackElo "1850"]
[PlyCount "78"]

1. e4 e5 2. Bc4 Nf6 3. d3 Bc5 4. f4 d6 5. Nc3 Bg4 6. Nf3 Nc6 7. h3 Bxf3 8. gxf3
exf4 9. Bxf4 Nh5 10. h4 Nxf4 11. Qd2 Qf6 12. O-O-O O-O-O 13. Nd5 Nxd5 14. Bxd5
Ne7 15. Kb1 Nxd5 16. exd5 Rhe8 17. d4 Bb6 18. Qd3 Re7 19. c3 Rde8 20. Qxh7 g6
21. Qh6 Qf5+ 22. Ka1 Qxf3 23. a3 Qe3 24. Qg7 Qf2 25. Rdf1 Re1+ 26. Rxe1 Rxe1+
27. Rxe1 Qxe1+ 28. Ka2 Qe7 29. Qg8+ Kd7 30. Qb8 Qxh4 31. Qxb7 a5 32. Qc6+ Ke7
33. Qc4 Qe4 34. Qf1 Qxd5+ 35. Ka1 Qe4 36. Qf2 g5 37. Qd2 Qf4 38. Qe2+ Kf6 39.
Qh5 Kg7 0-1

[Event "Tournoi Skype 014A"]
[Site "Skype"]
[Date "????.??.??"]
[Round "4.9"]
[White "Patra Kumar, Subhendu"]
[Black "Dal, Ibrahim"]
[Result "1-0"]
[WhiteElo "1838"]
[BlackElo "1722"]
[PlyCount "115"]

1. Nf3 c6 2. g3 d5 3. Bg2 Bf5 4. d3 h6 5. O-O e6 6. Re1 Nf6 7. Bf4 Bd6 8. Bxd6
Qxd6 9. Nbd2 Nbd7 10. Nh4 Bh7 11. e4 dxe4 12. dxe4 O-O 13. Qe2 e5 14. Rad1 Qc7
15. Qf3 Rad8 16. Nf5 Bxf5 17. Qxf5 Qa5 18. a3 Rfe8 19. Nc4 Qc7 20. Rd2 Nb6 21.
Rxd8 Qxd8 22. Ne3 Qe7 23. Rd1 g6 24. Qf3 Kg7 25. Qe2 Rd8 26. Rxd8 Qxd8 27. Qd1
Qxd1+ 28. Nxd1 Nc4 29. f3 Ne8 30. a4 f6 31. Kf2 Nc7 32. Bf1 Nb6 33. b3 Ne6 34.
a5 Nd7 35. Bh3 Kf7 36. Ne3 Ndc5 37. b4 Na6 38. c3 Nac7 39. Bf1 Ke7 40. h4 Ng7
41. Be2 Nb5 42. Bxb5 cxb5 43. Nd5+ Ke6 44. Nc7+ Kd7 45. Nxb5 a6 46. Na3 Kc6 47.
Ke3 Ne6 48. Kd3 g5 49. hxg5 fxg5 50. Nc4 h5 51. Nxe5+ Kb5 52. Ng6 h4 53. gxh4
gxh4 54. Nxh4 Nf4+ 55. Kc2 Kc4 56. Nf5 Kb5 57. Kb3 Nd3 58. Nd4# 1-0

[Event "Tournoi Skype 014A"]
[Site "Skype"]
[Date "????.??.??"]
[Round "4.10"]
[White "Brun, Jacques"]
[Black "Fouquereau, Andre"]
[Result "1-0"]
[WhiteElo "1825"]
[BlackElo "1511"]
[PlyCount "33"]

1. e4 e5 2. Nf3 d6 3. Bc4 Be7 4. d4 Bg4 5. dxe5 dxe5 6. Qxd8+ Bxd8 7. Nxe5 Bh5
8. g4 Bg6 9. Nxg6 hxg6 10. e5 Bg5 11. Bxg5 f6 12. exf6 gxf6 13. Bf4 Rh7 14.
Bxg8 Rg7 15. Bd5 Re7+ 16. Be3 g5 17. Bxb7 1-0

[Event "Tournoi Skype 014A"]
[Site "Skype"]
[Date "????.??.??"]
[Round "4.11"]
[White "Hervais, Adrien"]
[Black "Murolo, Antonio"]
[Result "1-0"]
[WhiteElo "1998"]
[BlackElo "1454"]
[PlyCount "48"]

1. e4 e6 2. d4 d5 3. Nd2 c5 4. c3 Nc6 5. Ngf3 cxd4 6. cxd4 Bb4 7. Bd3 dxe4 8.
Bxe4 Nf6 9. Bxc6+ bxc6 10. O-O Bxd2 11. Bxd2 O-O 12. Bg5 h6 13. Bh4 g5 14. Bg3
Ne4 15. Be5 f6 16. Qc2 Qd5 17. Rfe1 f5 18. Qc1 Nd6 19. h4 Nf7 20. hxg5 Nxe5 21.
Rxe5 Qd7 22. gxh6 Qh7 23. Qg5+ Kh8 24. Nh4 f4 1-0

[Event "Tournoi Skype 014A"]
[Site "Skype"]
[Date "????.??.??"]
[Round "4.12"]
[White "Elias, Roberto"]
[Black "Murgia, Stefano"]
[Result "0-1"]
[WhiteElo "1809"]
[BlackElo "1699"]
[PlyCount "62"]

1. c4 e5 2. Nc3 Nf6 3. g3 d5 4. cxd5 Nxd5 5. Bg2 Nb6 6. e3 Nc6 7. Nge2 Be6 8.
O-O Qd7 9. a3 h5 10. d4 Bh3 11. dxe5 Qxd1 12. Rxd1 Bxg2 13. Kxg2 a6 14. e6 f6
15. Nf4 Ne7 16. b4 h4 17. Bb2 hxg3 18. hxg3 c6 19. Ne4 Ned5 20. Ng6 Rh6 21.
Nxf8 Kxf8 22. Nc5 Nc4 23. Rab1 Ke7 24. Rd3 Rah8 25. e4 Nxb2 26. Rxb2 Nb6 27.
Rbd2 Rh1 28. a4 g5 29. a5 g4 30. Rd7+ Nxd7 31. Rxd7+ Ke8 0-1

[Event "Tournoi Skype 014A"]
[Site "Skype"]
[Date "????.??.??"]
[Round "4.13"]
[White "Rescober, Joel Plata"]
[Black "Janssen, Gerard"]
[Result "0-1"]
[WhiteElo "1699"]
[BlackElo "1717"]
[PlyCount "72"]

1. d4 d5 2. c4 e6 3. Nc3 Nf6 4. Nf3 c5 5. e3 Nc6 6. Be2 cxd4 7. exd4 dxc4 8.
Bxc4 b5 9. Be2 a6 10. O-O Bb7 11. Bf4 Be7 12. Be5 O-O 13. Rc1 Nd5 14. Nxd5 Qxd5
15. b3 Bd6 16. Re1 Ba3 17. Rc2 Ne7 18. Qb1 Ng6 19. Bg3 a5 20. Bd3 Qh5 21. Be4
Bxe4 22. Rxe4 Rfd8 23. h3 h6 24. Rc7 Rac8 25. Qc2 Rxc7 26. Qxc7 Qd5 27. Rg4 Bb4
28. Rxg6 fxg6 29. Ne5 Kh7 30. Qf7 Qe4 31. f3 Qf5 32. Qxf5 gxf5 33. Nc6 Ra8 34.
Nxb4 axb4 35. Bd6 Rxa2 36. Bxb4 Rb2 0-1

[Event "Tournoi Skype 014A"]
[Site "Skype"]
[Date "????.??.??"]
[Round "4.14"]
[White "Casey, Eamonn"]
[Black "Bourdeau, Yvan"]
[Result "1-0"]
[WhiteElo "1665"]
[BlackElo "1703"]
[PlyCount "77"]

1. d4 Nf6 2. c4 e6 3. Nc3 b6 4. Bg5 Bb7 5. e3 Be7 6. Nf3 d6 7. Bd3 Nbd7 8. O-O
h6 9. Bh4 O-O 10. Rc1 c5 11. Re1 Ne8 12. Bxe7 Qxe7 13. e4 cxd4 14. Nxd4 Ne5 15.
Be2 Nf6 16. Qc2 Rfd8 17. Nf3 Nfg4 18. Nxe5 Nxe5 19. b3 Rac8 20. a4 Nc6 21. Qd2
Na5 22. Qd1 Qh4 23. Bd3 Nc6 24. Bb1 Ne5 25. h3 Nc6 26. Ne2 Ne7 27. Nd4 d5 28.
Nf3 Qf4 29. exd5 Qc7 30. Qc2 g6 31. dxe6 f6 32. Red1 Bxf3 33. gxf3 Kh7 34. Kh1
Qb8 35. Rg1 Rg8 36. Rcd1 Qa8 37. Qe4 Qb8 38. Rd7 Rge8 39. Qxg6+ 1-0

[Event "Tournoi Skype 014A"]
[Site "Skype"]
[Date "????.??.??"]
[Round "4.15"]
[White "Yardimci, Ertan"]
[Black "Mulrooney, Justin"]
[Result "0-1"]
[WhiteElo "1455"]
[BlackElo "1624"]
[PlyCount "110"]

1. d4 e6 2. Nf3 Be7 3. c4 Nf6 4. Nc3 d5 5. e3 Bd7 6. cxd5 exd5 7. Qb3 Bc6 8.
Ne5 Nbd7 9. Nxc6 bxc6 10. Bd3 O-O 11. O-O Nb6 12. Qc2 h6 13. e4 dxe4 14. Nxe4
Qxd4 15. Nxf6+ Bxf6 16. Be3 Qxb2 17. Qxb2 Bxb2 18. Rad1 Nd5 19. Bd2 c5 20. Be4
Rad8 21. Ba5 Nb6 22. Rb1 Be5 23. Rfe1 Rfe8 24. Red1 Bd4 25. Bd3 Rd6 26. Kf1 Rf6
27. f3 Rfe6 28. Re1 Re3 29. Rxe3 Rxe3 30. Rd1 Kf8 31. Bc2 Ra3 32. Bxb6 cxb6 33.
Bb3 b5 34. Rd2 a5 35. Bd5 Re3 36. Bc6 b4 37. Ba4 Ra3 38. Bb3 a4 39. Bc4 b3 40.
axb3 axb3 41. Bxb3 Rxb3 42. Rc2 Rc3 43. Rxc3 Bxc3 44. Ke2 Ke7 45. Kd1 Ke6 46.
Kc2 Bd4 47. Kd3 Ke5 48. g3 g5 49. h3 f5 50. Kc4 h5 51. Kd3 g4 52. hxg4 hxg4 53.
f4+ Kd5 54. Ke2 Ke4 55. Kd2 Kf3 0-1

[Event "Tournoi Skype 014A"]
[Site "Skype"]
[Date "????.??.??"]
[Round "4.16"]
[White "Antonic, Nenad"]
[Black "Carballo, Jorge"]
[Result "1-0"]
[WhiteElo "1530"]
[BlackElo "1777"]
[PlyCount "23"]

1. d4 Nf6 2. e3 d5 3. c4 Bf5 4. Bd3 e6 5. cxd5 Nxd5 6. e4 Bb4+ 7. Bd2 Qg5 8.
Nf3 Bxd2+ 9. Nbxd2 Qf4 10. exf5 exf5 11. Qe2+ Ne7 12. O-O 1-0

[Event "Tournoi Skype 014A"]
[Site "Skype"]
[Date "????.??.??"]
[Round "4.17"]
[White "Baue, Michel"]
[Black "L'Herbon De Lussats, Jean"]
[Result "1-0"]
[WhiteElo "1713"]
[BlackElo "1529"]
[PlyCount "113"]

1. e4 c5 2. Nf3 Nc6 3. d4 cxd4 4. Nxd4 e5 5. Nb3 Nf6 6. Nc3 Bb4 7. Bd3 Bxc3+ 8.
bxc3 d5 9. exd5 Qxd5 10. O-O O-O 11. f3 b6 12. Re1 Re8 13. Be3 Bb7 14. Bf2 Rad8
15. Qc1 h6 16. Qb2 e4 17. c4 Qe5 18. Qa3 Qg5 19. fxe4 Na5 20. Nxa5 Qxa5 21.
Qxa5 bxa5 22. Bxa7 Nxe4 23. Bb6 Ra8 24. a3 Re6 25. c5 Bc6 26. Re2 a4 27. Rae1
Rae8 28. h3 Kf8 29. Bc7 Nxc5 30. Bc4 Rg6 31. Rxe8+ Bxe8 32. Bd5 Bc6 33. c4 Nd3
34. Re3 Nc5 35. Kf2 Bd7 36. Ba5 Ne6 37. Bb4+ Kg8 38. h4 Nf4 39. Bf3 Rf6 40. Kg3
g5 41. hxg5 hxg5 42. Re5 Rg6 43. Bg4 f6 44. Ra5 Rh6 45. Bxd7 Nh5+ 46. Kf3 Nf4
47. Bxa4 Rh2 48. g3 Rh3 49. Kg4 Rh1 50. gxf4 Rh4+ 51. Kg3 Rxf4 52. Rd5 Rxc4 53.
Ra5 f5 54. Bb3 f4+ 55. Kf3 g4+ 56. Kxg4 f3+ 57. Kxf3 1-0

[Event "Tournoi Skype 014A"]
[Site "Skype"]
[Date "????.??.??"]
[Round "4.18"]
[White "Engstrom, Olle"]
[Black "Holtz, Steve"]
[Result "1-0"]
[WhiteElo "1680"]
[BlackElo "1523"]
[PlyCount "57"]

1. e4 c5 2. Nf3 Nc6 3. d4 cxd4 4. Nxd4 e6 5. Nb5 a6 6. Nd6+ Bxd6 7. Qxd6 Nf6 8.
Bd3 b5 9. O-O Bb7 10. Re1 Qe7 11. Qc7 d6 12. Qxe7+ Nxe7 13. e5 dxe5 14. Rxe5
Rd8 15. h3 Nc6 16. Re3 O-O 17. Bd2 Rc8 18. a4 b4 19. a5 Rfd8 20. Ra4 Nd5 21.
Rg3 Kh8 22. c4 bxc3 23. Rh4 cxd2 24. Rxh7+ Kg8 25. Rgxg7+ Kf8 26. Rxf7+ Ke8 27.
Bg6 d1=Q+ 28. Kh2 Qxb1 29. Rh8# 1-0

[Event "Tournoi Skype 014A"]
[Site "Skype"]
[Date "????.??.??"]
[Round "4.19"]
[White "Leost, Joel"]
[Black "Rajpurohit, Dinesh"]
[Result "1-0"]
[WhiteElo "1442"]
[BlackElo "1665"]
[PlyCount "67"]

1. e4 c5 2. Bc4 Nc6 3. Nc3 d6 4. Nf3 Bg4 5. d3 Nd4 6. Bxf7+ Kd7 7. Ne5+ dxe5 8.
Qxg4+ Kc7 9. Nd5+ Kb8 10. Kd2 Nf6 11. Nxf6 gxf6 12. c3 Nc6 13. Kc2 Qc7 14. f4
Qd6 15. Rd1 Bh6 16. g3 Kc7 17. Bd5 Kd8 18. a4 Nb4+ 19. cxb4 cxb4 20. Kb1 Qc7
21. Be3 Rc8 22. Rc1 Qd7 23. Qxd7+ Kxd7 24. Ka2 Rb8 25. Rc4 e6 26. Rac1 exd5 27.
Rc7+ Kd8 28. Rf7 Rc8 29. Rxc8+ Kxc8 30. Rxf6 exf4 31. gxf4 Bg7 32. Rf7 Bh6 33.
exd5 Rd8 34. Rxh7 1-0

[Event "Tournoi Skype 014A"]
[Site "Skype"]
[Date "????.??.??"]
[Round "4.20"]
[White "Ali, Mohammad"]
[Black "Malbec, Robert"]
[Result "1-0"]
[WhiteElo "1633"]
[BlackElo "1529"]
[PlyCount "27"]

1. e4 c6 2. d4 d5 3. Nc3 dxe4 4. Nxe4 Bf5 5. Bd3 Qxd4 6. Nf3 Qd5 7. Nc3 Qe6+ 8.
Be3 Bxd3 9. Qxd3 Nf6 10. O-O g6 11. Rfe1 Qc8 12. Bc5 Bg7 13. Rxe7+ Kf8 14. Rc7+
1-0

[Event "Tournoi Skype 014A"]
[Site "Skype"]
[Date "????.??.??"]
[Round "4.21"]
[White "Briere, Jean"]
[Black "Yildirim, Cagri"]
[Result "0-1"]
[WhiteElo "1537"]
[BlackElo "1462"]
[PlyCount "72"]

1. e4 e5 2. Nf3 Nc6 3. Bc4 Bc5 4. O-O Nf6 5. d3 d6 6. Nc3 Nd4 7. Nxd4 Bxd4 8.
Ne2 Bb6 9. c3 Ng4 10. d4 Qh4 11. h3 h5 12. f3 Nf6 13. Qe1 Qxe1 14. Rxe1 exd4
15. cxd4 Be6 16. Bxe6 fxe6 17. Kh1 O-O-O 18. Bg5 Rd7 19. Red1 Nh7 20. Bd2 g5
21. g4 hxg4 22. fxg4 Nf6 23. Bxg5 Nxe4 24. Bf4 Nf2+ 25. Kg2 Nxd1 26. Rxd1 Re8
27. Rf1 e5 28. dxe5 dxe5 29. Bxe5 Rxe5 30. Rf8+ Rd8 31. Rxd8+ Kxd8 32. Nc3 Ke7
33. Kf3 Re3+ 34. Kg2 c6 35. h4 Kf6 36. Na4 Bc7 0-1

[Event "Tournoi Skype 014A"]
[Site "Skype"]
[Date "????.??.??"]
[Round "4.22"]
[White "Galani, Mahendra"]
[Black "Loyarte, Frederic"]
[Result "0-1"]
[WhiteElo "1523"]
[BlackElo "1544"]
[PlyCount "122"]

1. c3 e5 2. e4 Nc6 3. Nf3 Nf6 4. d3 Bc5 5. h3 O-O 6. Nh2 d5 7. Ng4 Nxg4 8. hxg4
Qf6 9. Qe2 dxe4 10. dxe4 Rd8 11. g5 Qd6 12. Nd2 Ne7 13. Nc4 Qe6 14. Bd2 b6 15.
Qh5 Qg6 16. Qh4 Bb7 17. f3 Nc6 18. O-O-O Rd7 19. Ne3 Rad8 20. Nf5 Ne7 21. Be2
Nxf5 22. exf5 Qxf5 23. Qg3 e4 24. f4 e3 25. Bxe3 Bxe3+ 26. Qxe3 Rxd1+ 27. Rxd1
Rxd1+ 28. Bxd1 Qe6 29. Qd3 Qd6 30. Qe2 Qxf4+ 31. Kb1 Qe4+ 32. Qc2 Qxc2+ 33.
Kxc2 Bxg2 34. Kd2 f5 35. gxf6 gxf6 36. Ke3 Kg7 37. Kf2 Bd5 38. Bc2 Kh6 39. Kg3
Bg8 40. Kf4 a5 41. a4 c5 42. b3 Be6 43. c4 Kg7 44. Be4 h5 45. Bf3 Kg6 46. Be4+
f5 47. Bd3 h4 48. Bf1 Bd7 49. Bg2 Kf6 50. Bd5 h3 51. Kg3 Ke5 52. Kxh3 Kd4 53.
Kg3 Kc3 54. Kf4 Kxb3 55. Ke5 Kxa4 56. Kd6 Be8 57. Kc7 b5 58. cxb5 Bxb5 59. Kb6
c4 60. Kc5 c3 61. Kd4 c2 0-1